Bilingual business letters = Cartas comerciales bilingües (Registro nro. 10109)
[ vista simple ]
| 000 -CABECERA | |
|---|---|
| campo de control de longitud fija | 00630nam a22002417a 4500 |
| 005 - FECHA Y HORA DE ACTUALIZACIÓN | |
| campo de control | 20171212184345.0 |
| 008 - LONGITUD FIJA | |
| campo de control de longitud fija | 171212b xxu||||| |||| 00| 0 spa d |
| 020 ## - INTERNATIONAL STANDARD BOOK NUMBER | |
| Número Internacional Estándar del Libro | 8478731857 |
| 041 ## - IDIOMA | |
| Código de idioma del texto/pista de sonido o título separado | |
| 082 ## - CLASIFICACIÓN DECIMAL DEWEY | |
| Número de clasificación | 651.75 R829b |
| 100 ## - AUTOR PERSONAL | |
| Nombre de persona | Roset, Edward. |
| 245 ## - TÍTULO PROPIAMENTE DICHO | |
| Título | Bilingual business letters = Cartas comerciales bilingües |
| 250 ## - EDICIÓN | |
| Mención de edición | 2 edición |
| 260 ## - PIE DE IMPRENTA | |
| Lugar de publicación, distribución, etc. | Estados Unidos |
| 260 ## - PIE DE IMPRENTA | |
| Nombre del editor, distribuidor, etc. | Stanley |
| 260 ## - PIE DE IMPRENTA | |
| Fecha de publicación, distribución, etc. | 1994 |
| 300 ## - DESCRIPCIÓN FÍSICA | |
| Extensión | 189 páginas |
| 650 ## - Materia General | |
| Materia general | CORRESPONDENCIA |
| 650 ## - Materia General | |
| Materia general | CARTAS COMERCIALES |
| 650 ## - Materia General | |
| Materia general | FORMATOS DE CARTAS |
| 650 ## - Materia General | |
| Materia general | CARTAS |
| 942 ## - Punto de Acceso Adicional Koha | |
| Tipo de ítem Koha | Libro |
| Estado perdido | Estado dañado | No para préstamo | Biblioteca permanente | Biblioteca actual | Signatura completa | Código de barras | Precio efectivo a partir del | Tipo de ítem |
|---|---|---|---|---|---|---|---|---|
| Departamento de Biblioteca y Documentación Alfonso Chase Brenes | Departamento de Biblioteca y Documentación Alfonso Chase Brenes | 651.75 R829b | 6431 | 12/12/2017 | Libro |